Fr. Conceicao Rodrigues College of Engineering

Data communications and Networking (Record no. 19695)

MARC details
000 -LEADER
fixed length control field 00292nam a2200133Ia 4500
082 ## - DEWEY DECIMAL CLASSIFICATION NUMBER
Classification number 4.65
Item number FOR
100 ## - MAIN ENTRY--PERSONAL NAME
Personal name Forouzan/Behrouz A
245 ## - TITLE STATEMENT
Title Data communications and Networking
260 ## - PUBLICATION, DISTRIBUTION, ETC.
Name of publisher, distributor, etc. Tata Mc Graw hill
Date of publication, distribution, etc. 2000
300 ## - PHYSICAL DESCRIPTION
Extent 908
546 ## - LANGUAGE NOTE
Language note ENGLISH
654 ## - SUBJECT ADDED ENTRY--FACETED TOPICAL TERMS
Focus term data
942 ## - ADDED ENTRY ELEMENTS (KOHA)
Koha item type BOOK
Holdings
Withdrawn status Lost status Damaged status Not for loan Collection Home library Current library Date acquired Total Checkouts Full call number Barcode Date last seen Price effective from Koha item type
        CRC Fr. Agnel's C.Rodrigues College of Engineering Fr. Agnel's C.Rodrigues College of Engineering 17/03/2023   4.65 FOR 12583 17/03/2023 17/03/2023 BOOK
        CRC Fr. Agnel's C.Rodrigues College of Engineering Fr. Agnel's C.Rodrigues College of Engineering 17/03/2023   4.65 FOR 12584 17/03/2023 17/03/2023 BOOK